LEADER 01766nam 2200469 a 450 001 9910701057503321 005 20111101134047.0 035 $a(CKB)5470000002414462 035 $a(OCoLC)759181399 035 $a(EXLCZ)995470000002414462 100 $a20111101d2011 ua 0 101 0 $aeng 135 $aurcn||||||||| 181 $ctxt$2rdacontent 182 $cc$2rdamedia 183 $acr$2rdacarrier 200 10$aRecent experiences of the NASA Engineering and Safety Center (NESC) Guidance Navigation and Control (GN&C) Technical Discipline Team (TDT)$b[electronic resource] /$fCornelius J. Dennehy 210 1$aHampton, Va. :$cNational Aeronautics and Space Administration, Langley Research Center,$d[2011] 215 $a1 online resource (vi, 33 pages) $ccolor illustrations 225 1 $aNASA/TM ;$v2011-217083 300 $aTitle from title screen (viewed on Nov. 1, 2011). 300 $a"April 2011." 320 $aIncludes bibliographical references (page 33). 517 $aRecent experiences of the NASA Engineering and Safety Center 606 $aGuidance (motion)$2nasat 606 $aHuman resources$2nasat 606 $aKnowledge based systems$2nasat 606 $aRisk$2nasat 606 $aNavigation$2nasat 615 7$aGuidance (motion) 615 7$aHuman resources. 615 7$aKnowledge based systems. 615 7$aRisk. 615 7$aNavigation. 700 $aDennehy$b Cornelius J$01395867 712 02$aLangley Research Center. 801 0$bGPO 801 1$bGPO 906 $aBOOK 912 $a9910701057503321 996 $aRecent experiences of the NASA Engineering and Safety Center (NESC) Guidance Navigation and Control (GN&C) Technical Discipline Team (TDT)$93509491 997 $aUNINA LEADER 01686oam 2200505 450 001 9910709964103321 005 20180828094426.0 035 $a(CKB)5470000002474624 035 $a(OCoLC)945012661$z(OCoLC)953291215 035 $a(OCoLC)995470000002474624 035 $a(EXLCZ)995470000002474624 100 $a20160317d1964 ua 0 101 0 $aeng 135 $aurbn||||||||| 181 $ctxt$2rdacontent 182 $cc$2rdamedia 183 $acr$2rdacarrier 200 10$aAlaska's Good Friday earthquake, March 27, 1964 $ea preliminary geologic evaluation /$fby Arthur Grantz, George Plafker, and Reuben Kachadoorian 210 1$aWashington :$cUnited States Department of the Interior, Geological Survey,$d1964. 215 $a1 online resource (35 pages) $cillustrations, maps 225 1 $aGeological Survey circular ;$v491 320 $aIncludes bibliographical references (page 35). 517 $aAlaska's Good Friday earthquake, March 27, 1964 606 $aAlaska Earthquake, Alaska, 1964 606 $aEarthquakes$zAlaska 606 $aEarthquakes$2fast 607 $aAlaska$2fast 615 0$aAlaska Earthquake, Alaska, 1964. 615 0$aEarthquakes 615 7$aEarthquakes. 700 $aGrantz$b Arthur$f1927-2021,$01276837 702 $aPlafker$b George$f1929- 702 $aKachadoorian$b Reuben$f1921- 712 02$aGeological Survey (U.S.), 801 0$bOCLCE 801 1$bOCLCE 801 2$bOCLCQ 801 2$bCOP 801 2$bOCLCF 801 2$bOCLCA 801 2$bGPO 906 $aBOOK 912 $a9910709964103321 996 $aAlaska's Good Friday earthquake, March 27, 1964$93505453 997 $aUNINA